000 00260nam a22001217a 4500
082 _a823
_bTOM/H
100 _aTOMATIS, MARCO
245 _aTHE HEART OF MOTHER NAZARENA MAJONE
260 _aFRANCE
300 _a31
650 _aENGLISH SHORT STORY
942 _cBK
999 _c3470
_d3470